Modern Rock, Alternative & Metal artists - Statistics

General Stats
  • This quiz has been taken 170 times
  • The average score is 10 of 48
Answer Stats
Songs Artist % Correct
Another One Bites The Dust, Bohemian Rhapsody, Don't Stop Me Now Queen
83%
Stressed Out, Shy Away, Ride twenty one pilots
71%
Duality, Before I Forget, Unsainted Slipknot
69%
Centuries, Sugar We're Going Down, Summer Days Fall out Boy
67%
Yellow, The Scientist, Something Just Like This Coldplay
63%
Follow You, Believer, Thunder Imagine Dragons
63%
Counting Stars, Lose Somebody, Rescue Me OneRepublic
57%
Pumped Up Kicks, Imagination, Sit Next to Me Foster The People
48%
Dance Macabre, Square Hammer, Mary on a Cross Ghost
42%
Popular Monster, Drugs, The Drug In Me Is You Falling in Reverse
37%
Tom Sawyer, The Spirit of The Radio, Limelight Rush (RIP Neil Peart)
35%
How To Save a Life, You Found Me, Over My Head (Cable Car) The Fray
34%
Sail, Carry On, Run AWOLNATION
28%
Hall of Fame, Superheroes, Breakeven The Script
28%
Bang!, Burn the House Down, Way Less Sad AJR
24%
Blood // Water, Darkside, Dirty grandson
24%
Renegades, Unsteady, Home X Ambassadors
22%
Best Day of My Life, I'm Born to Run, Go Big Or Go Home American Authors
20%
Rx (Medicate), Angel, Bad Girlfriend Theory of a Deadman
18%
Highway Tune, Built By Nations, Heat Above Greta Van Fleet
16%
Way Down We Go, All the Pretty Girls, Hey Gringo KALEO
16%
I Think I'm OKAY, Patience, parents YUNGBLUD
16%
Angel With a Shotgun, Stand Up, These Are The Lies The Cab
15%
Amber, Beautiful Disaster, All Mixed Up 311
14%
Still Feel., What's Wrong, The Fall Half alive
11%
Twisted, Everybody Gets High, Sing to Me MISSIO
10%
Let Me Live/Let Me Die, Used to the Darkness, This Is Our Life Des Rocs
8%
Unstoppable, Legend, Revolution The Score
8%
Play With Fire, Legends Are Made, Ready Set Let's Go Sam Tinnesz
7%
Novocaine, Oh My Dear Lord, Call My Name The Unlikely Candidates
7%
River, White Flag, Never Tear Us Apart Bishop Briggs
6%
Sweet Disaster, Die Happy, Heat Seeker DREAMERS
6%
Middle Finger, Raging on a Sunday, Zombie Love Bohnes
5%
Black Holes (Solid Ground), Shakin' Off The Rust, Be My Fire The Blue Stones
5%
The Kill, This is War, Walk on Water Thirty Second To Mars
5%
Legendary, Sanctuary, Indestructible Welshly Arms
5%
Bury Me Low, Better off Dead, Numb 8 Graves
4%
Paradise, Giants, Power Over Me Dermot Kennedy
4%
New Kings, Freaks Like Us, Blindfold Sleeping Wolf
4%
Crying Over You, Roses, 1 Last Cigarette The Band CAMINO
4%
Critical Mistakes, Pins & Needles, Creepers 888
3%
No Good Bastards, Church, Heart Emojis Brandon Hart
3%
Bet on You, Natural Villain, Down The Man Who
3%
The Moxie, Queen Cobra, Headstone The Orphan The Poet
3%
Gladiator, Heroes, Hustler Zayde Wolf
3%
Death of Me, King, Sorry SAINT PHNX
2%
Fake Love, Piece of Sh*t, Stay A While Cemetery Sun
1%
I'll Stay, Easy, Lyrics Kyd The Band
1%
No matching quizzes found
Score Distribution
Percent of People with Each Score
Percentile by Number Answered
Your Score History
You have not taken this quiz